000 01042cam a2200241 4500
001 WB3725-18
008 000000n2001 000 0 eng u
035 _a(Sirsi) u113324
245 _aReview of energy objectives
260 _c2001
490 _aDTI Press Release
_v(327) 25 June 2001, (2)
520 _aThe Performance and Innovation Unit is leading a review of the long-term objectives of Great Britain's energy policy. The review will investigate the role of coal, gas, oil, renewable energy forms, and the nuclear industry in the context of global warming and reducing carbon emissions. The scope of the project is outlined on the Performance and Innovation Unit website at http://www.cabinet-office.gov.uk/innovation.
590 _aWB
650 _aENERGY POLICY
650 _aRENEWABLE ENERGY
650 _aFUELS
650 _aNUCLEAR INDUSTRY
650 _aENERGY EFFICIENCY
650 _aCARBON DIOXIDE EMISSIONS
650 _aGLOBAL WARMING
690 _aENVIRONMENTAL AND LAND CONSULTANCY-ENERGY
942 _n0
999 _c67508
_d67508